[Event "Olympiad Women 2024"]
[Site "Budapest HUN"]
[Date "2024.09.14"]
[Round "4.6"]
[Board "3"]
[White "Vega Gutierrez, Sabrina"]
[Black "Nomin-Erdene, Davaademberel"]
[Result "1-0"]
[WhiteElo "2374"]
[BlackElo "2319"]
[PlyCount "75"]
[EventDate "2024.09.11"]
[WhiteTeam "Spain"]
[BlackTeam "Mongolia"]
[WhiteTeamCountry "ESP"]
[BlackTeamCountry "MGL"]

1. e4 c5 2. Nf3 Nc6 3. d4 cxd4 4. Nxd4 Nf6 5. Nc3 e6 6. Nxc6 bxc6 7. e5 Nd5 8. Ne4 Bb7 9. Be2 c5 10. O-O Qc7 11. Nd6+ Bxd6 12. exd6 Qc6 13. f3 e5 14. c4 Nf4 15. Bxf4 exf4 16. Bd3 ({RR} 16. Qd2 O-O 17. Bd3 Rae8 18. Qxf4 Re6 19. Rad1 g6 20. Bc2 Qa6 21. a3 Re2 22. Rf2 Rfe8 23. h4 R2e5 24. Rdd2 R8e6 25. g4 f6 26. Kh2 Rxd6 27. g5 Rxd2 28. Rxd2 Qe6 29. Qxf6 Re2+ 30. Rxe2 Qxe2+ {½-½ LCZero 0.31-dag-5350a2e-BT4-6 (3631)-Stockfish dev-20240728-2343f7 (3662) TCEC 26 Balanced Lines 2024 (10.1)}) ({RR} 16. Qd2 O-O 17. Qxf4 Rae8 18. Bd3 Re6 19. Be4 Qb6 20. Bxb7 Qxb7 21. Qd2 Qa6 22. Qd5 Qxd6 23. Qxd6 Rxd6 24. Rad1 Ra6 25. Rxd7 Rxa2 26. Rb7 Rd8 27. Re1 h6 28. Kf2 Rd4 29. Re4 Rxe4 30. fxe4 a5 {½-½ Martins,B (2347)-Lu,M (2369) Portimao Festival 2024 (5.3)}) 16... O-O $146 ({RR} 16... Qxd6 17. Re1+ Kd8 18. Bf5 Qxd1 19. Raxd1 Bc6 20. Re5 a5 21. Rxc5 Ke7 22. Be4 Rhc8 23. Re5+ Kf8 24. Bxc6 dxc6 25. Rd7 Rd8 26. Rxa5 Rxa5 27. Rxd8+ Ke7 28. Rg8 Rxa2 29. Rxg7 Rxb2 30. Rg4 Rb1+ 31. Kf2 {½-½ Firouzja,A (2777)-Carlsen,M (2835) Julius Baer Rapid Div 1 W 2023 (4.2)}) 17. Bc2 Rae8 18. Qd3 g6 19. Rfe1 Rxe1+ 20. Rxe1 Qb6 21. Qd2 Bc6 22. Be4 Rc8 23. Bxc6 Qxc6 24. Re7 Rf8 25. h4 h5 26. b3 a5 27. Qxf4 a4 28. Kh2 axb3 29. axb3 Qb7 30. Qe3 Qc6 31. Qe5 Rb8 32. Kg3 Ra8 33. Qf6 Rf8 34. Kf4 Kh7 35. Kg5 Qa8 36. Rxf7+ Rxf7 37. Qxf7+ Kh8 38. Kh6 1-0

[Event "Olympiad Women 2024"]
[Site "Budapest HUN"]
[Date "2024.09.14"]
[Round "4.7"]
[Board "2"]
[White "Kamalidenova, Meruert"]
[Black "Gajcin, Marina"]
[Result "1/2-1/2"]
[WhiteElo "2352"]
[BlackElo "2253"]
[PlyCount "192"]
[EventDate "2024.09.11"]
[WhiteTeam "Kazakhstan"]
[BlackTeam "Serbia"]
[WhiteTeamCountry "KAZ"]
[BlackTeamCountry "SRB"]

1. e4 c5 2. Nf3 Nc6 3. d4 cxd4 4. Nxd4 Nf6 5. Nc3 e5 6. Ndb5 d6 7. Bg5 a6 8. Na3 b5 9. Nd5 Be7 10. Bxf6 Bxf6 11. c3 Rb8 12. Nc2 Bg5 13. h4 Bxh4 ({RR} 13... Bh6 14. Be2 O-O 15. Bg4 Be6 16. Kf1 Qd7 17. Bf5 Kh8 18. Qh5 Bxf5 19. exf5 f6 20. Rd1 a5 21. Rh3 Rbe8 22. Rhd3 e4 23. Nxf6 Rxf6 24. Rxd6 Rxf5 25. Rxc6 Rxf2+ 26. Kxf2 Qxc6 27. Kg1 b4 28. cxb4 {0-1 Dubov,D (2702)-Radjabov,T (2765) Airthings Masters KO rapid 2020 (2.14)}) 14. g3 Be7 $146 ({RR} 14... Bg5 15. f4 exf4 16. gxf4 Bh4+ 17. Kd2 g6 18. Bh3 Bf6 19. Bxc8 Rxc8 20. Qg4 Bg7 21. Rh3 h5 22. Qg2 Bh6 23. Nce3 a5 24. a3 Rb8 25. Rc1 Rb7 26. Kc2 b4 27. e5 dxe5 28. fxe5 bxa3 29. bxa3 {0-1 Matic,R (2175)-Cabarkapa,V (2336) Vojvodina-chT 2006 (1)}) ({RR} 14... Bg5 15. Bh3 Be6 16. Kf1 O-O 17. Kg2 g6 18. f4 exf4 19. gxf4 Bf6 20. Nce3 Bg7 21. Qf3 b4 22. c4 Nd4 23. Qg3 b3 24. a3 Nc2 25. Rab1 Nxe3+ 26. Qxe3 Re8 27. Rhd1 Qh4 28. Bxe6 fxe6 29. Nb4 {0-1 Kucuksari,K (2465)-Kuderinov,K (2364) Titled Tue 13th Feb Early 2024 (10)}) ({RR} 14... Bg5 15. f4 exf4 16. gxf4 Bh4+ 17. Kd2 Be6 18. Bd3 g5 19. Qh5 Kd7 20. Qh6 Bg3 21. fxg5 Bxd5 22. Qh3+ Be6 23. Qxg3 Rg8 24. Rag1 Ne5 25. Rxh7 Rxg5 26. Qf2 Rxg1 27. Qxg1 Qg5+ {½-½ Albustin,B (1911)-Heine,R (2029) Muensterland Verbandsklasse-A 0506 2005 (3.6)}) ({RR} 14... Bg5 15. Bh3 Bb7 16. f4 exf4 17. gxf4 Bxf4 {0-1 Ramesh,R (2450)-Nijboer,F (2537) Lost Boys op 2000 (8)}) 15. Nce3 g6 16. Bd3 b4 17. Kf1 bxc3 18. bxc3 Kf8 19. Qa4 Bd7 20. Qa3 Kg7 21. Rd1 h5 22. Be2 Bf8 23. Qxa6 Ra8 24. Qc4 Na5 25. Qc7 Qxc7 26. Nxc7 Rb8 27. Na6 Rc8 28. Nd5 Bc6 29. Nab4 Bxd5 30. Rxd5 Nc4 31. Kg2 Be7 32. Rb5 Bg5 33. Nd5 h4 34. gxh4 Rxh4 35. Rxh4 Bxh4 36. Rb7 Bg5 37. a4 Bd8 38. Rd7 Nd2 39. Ba6 Ra8 40. Bb7 Ra7 41. f3 Ba5 42. Bc6 Rxd7 43. Bxd7 Nb3 44. Kf1 Bd8 45. Ke2 Nc5 46. Bb5 f5 47. exf5 gxf5 48. Nb4 Bb6 49. Nc6 Nb7 50. Ne7 f4 51. Bc6 Na5 52. Bd5 Kf8 53. Ng6+ Ke8 54. Kd3 Bf2 55. Nh8 Kd7 56. Nf7 Nc6 57. Kc4 Ne7 58. Ng5 Bb6 59. Ne4 Kc7 60. Ba8 Kb8 61. Bd5 Kc7 62. Nd2 Ba5 63. Be4 Kb6 64. Nb1 Ka6 65. Na3 Nc8 66. Nb5 Bd8 67. Kd5 Nb6+ 68. Kxd6 Nxa4 69. c4 Nb2 70. Na3 Ba5 71. Kxe5 Kb6 72. Kd5 Bb4 73. Nc2 Bc5 74. Ne1 Nd1 75. Ke5 Nb2 76. Bd5 Be3 77. Kd6 Bc5+ 78. Ke5 Be3 79. Ng2 Kc5 80. Ke4 Bd2 81. Nxf4 Nxc4 82. Ne6+ Kb4 83. Kd3 Nb6 84. Ba2 Bc3 85. f4 Nd7 86. Bd5 Bf6 87. Ke3 Ne5 88. Be4 Nc4+ 89. Kf2 Nd6 90. Kf3 Kc4 91. Bc6 Nf5 92. Ke4 Nd6+ 93. Kf3 Nf5 94. Kg4 Nd4 95. Bd5+ Kxd5 96. Nxd4 Bxd4 1/2-1/2

[Event "Olympiad Women 2024"]
[Site "Budapest HUN"]
[Date "2024.09.14"]
[Round "4.7"]
[Board "3"]
[White "Velikic, Adela"]
[Black "Nurman, Alua"]
[Result "0-1"]
[WhiteElo "2260"]
[BlackElo "2324"]
[PlyCount "156"]
[EventDate "2024.09.11"]
[WhiteTeam "Serbia"]
[BlackTeam "Kazakhstan"]
[WhiteTeamCountry "SRB"]
[BlackTeamCountry "KAZ"]

1. d4 d5 2. c4 e6 3. Nc3 Nf6 4. cxd5 exd5 5. Bg5 c6 6. e3 h6 7. Bh4 Be7 8. Bd3 O-O 9. Qc2 Re8 10. Nge2 a5 11. O-O Na6 12. a3 Nc7 13. Rac1 ({RR} 13. f3 Ne6 14. a4 b6 15. Rad1 Bb7 16. Kh1 c5 17. Bb5 Rf8 18. dxc5 bxc5 19. Bc4 Nc7 20. Ba2 Re8 21. e4 Ra6 22. Bxf6 Bxf6 23. Nxd5 Bxd5 24. Bxd5 Nxd5 25. Rxd5 Rd6 26. Rfd1 Bd4 27. Rxd6 Qxd6 {1-0 Carlsen,M (2864)-Anton Guijarro,D (2691) Chessable Masters KO rapid 2022 (1.11)}) ({RR} 13. Rae1 Ne6 14. f3 b5 15. Bf2 Ba6 16. h3 Qb8 17. e4 b4 18. Nb1 Bxd3 19. Qxd3 dxe4 20. fxe4 Rd8 21. Qc2 b3 22. Qd3 Nc5 23. Qc4 Ncxe4 24. Nec3 Nxf2 25. Rxf2 Qa7 26. Kh1 Bf8 27. Qxc6 Qxd4 {0-1 Krilovs,N (2054)-Ostlund,J (2335) Kvibergspelen Open 2024 (6.8)}) 13... Ne6 14. f3 $146 ({RR} 14. h3 Bd7 15. Bg3 Bf8 16. Bh2 b5 17. Kh1 Rc8 18. Qb1 b4 19. axb4 axb4 20. Na4 c5 21. Nxc5 Nxc5 22. dxc5 Bxc5 23. Ba6 Ra8 24. Bb7 Ra7 25. Bxd5 Bb5 26. Bc4 Bxc4 27. Rxc4 Qd5 28. b3 Rea8 {1-0 Hajiyev,K (2194)-Acikel,M (2240) Titled Tue 4th Apr Early 2023 (8)}) ({RR} 14. Na4 Ng5 15. f3 Bd6 16. Bf2 Bc7 17. Rfe1 Rb8 18. b4 Bd6 19. Qb3 Qe7 20. bxa5 Bxa3 21. Rb1 Bd6 22. Nb6 Be6 23. Nf4 c5 24. dxc5 Bxc5 25. h4 Ngh7 26. Nbxd5 Nxd5 27. Nxd5 Bxd5 28. Qxd5 Nf6 {½-½ Zetocha,A (2155)-Bronstein,O (2459) 16th Arad Open 2023 (2.28)}) 14... b5 15. Bf2 Bd7 16. Rfd1 Rc8 17. Bf5 g6 18. Bd3 Kg7 19. Qd2 Qb6 20. e4 dxe4 21. Bxe4 b4 22. Na4 Qa6 23. Bd3 Qb7 24. Nc5 Nxc5 25. dxc5 Nd5 26. Bc4 Be6 27. Nf4 Nxf4 28. Qxf4 Bg5 29. Qd4+ Bf6 30. Qf4 Bg5 31. Qd4+ Kh7 32. Bxe6 Rxe6 33. Rb1 Rd8 34. Qc4 Rde8 35. axb4 axb4 36. Rd6 Be3 37. Bxe3 Rxe3 38. h3 Re2 39. Rbd1 R8e7 40. Qd4 Qb8 41. Rd2 Re1+ 42. Kf2 Qb5 43. Rf6 Rc1 44. Rf4 Rb7 45. Kg3 Qxc5 46. Qxc5 Rxc5 47. Rdd4 Rg5+ 48. Kf2 c5 49. Rd2 Re5 50. Rc4 Ra7 51. f4 Rf5 52. g4 Rf6 53. Kf3 Ra1 54. Rf2 Rc6 55. Rfc2 Rf1+ 56. Kg3 Rb1 57. Rxc5 Rxc5 58. Rxc5 Rxb2 59. g5 h5 60. Rb5 b3 61. Rb8 Kg7 62. Kh4 Rb1 63. Rb7 Kf8 64. Rb8+ Ke7 65. Rb6 Kd7 66. f5 gxf5 67. Rb7+ Kc6 68. Rxf7 b2 69. Rf6+ Kd7 70. Rb6 f4 71. Rb3 f3 72. Rd3+ Ke6 73. Re3+ Kd5 74. Rxf3 Rd1 75. Rb3 b1=Q 76. Rxb1 Rxb1 77. Kxh5 Ke6 78. h4 Rb4 0-1

[Event "Olympiad Women 2024"]
[Site "Budapest HUN"]
[Date "2024.09.14"]
[Round "4.7"]
[Board "4"]
[White "Kairbekova, Amina"]
[Black "Mandura, Tijana"]
[Result "1/2-1/2"]
[WhiteElo "2243"]
[BlackElo "2207"]
[PlyCount "95"]
[EventDate "2024.09.11"]
[WhiteTeam "Kazakhstan"]
[BlackTeam "Serbia"]
[WhiteTeamCountry "KAZ"]
[BlackTeamCountry "SRB"]

1. e4 {Pavlovic,Milos} e5 2. Nf3 Nc6 3. Bb5 Nf6 4. d3 Bc5 5. O-O Nd4 6. Nxd4 Bxd4 7. c3 Bb6 8. Na3 c6 9. Ba4 h6 ({RR} 9... d6 10. Bb3 a5 ({RR} 10... Bc7 11. f4 h6 12. Qf3 Qe7 13. Nc4 Be6 14. Ne3 exf4 15. Qxf4 d5 16. e5 Nd7 17. d4 O-O-O 18. Nf5 Qf8 19. Qg3 g6 20. Nh4 Qe7 21. Bd2 Kb8) ({RR} 10... O-O 11. Nc4 Bc7 12. Bg5 h6 13. Bh4 g5 14. Bg3 Kh7 15. Ne3 Ne8 16. d4 f6 17. f3 Ng7 18. Bf2 Qe7 19. Qd3 Bd7 20. a4 Rad8 21. Bc2 Kh8 22. b4 Bc8 23. a5 a6 24. d5) 11. Nc4 Bc7 12. Bg5 h6 13. Bh4 g5 14. Bg3 h5 15. f3 Be6 16. Ne3 h4 17. Bf2 d5 18. Re1 Kf8 19. h3 Bb6 20. Qc2 Nh5 21. d4 exd4 22. cxd4 Nf4 23. Ng4 a4 24. Bxa4 {½-½ Karjakin,S (2760)-Caruana,F (2811) Zuerich Chess Challenge 4th 2015 (2)}) ({RR} 9... O-O 10. Bg5 h6 11. Bh4 d6 ({RR} 11... g5 12. Bg3 d6 13. Nc4 Bg4 14. Qd2 Nh5 15. d4 Be6 16. Ne3 Nf4 17. Bb3 Qf6 18. d5 Bd7 19. dxc6 bxc6 20. Nc4 Bc7 21. Nxd6) 12. Nc4 Bc7 13. Ne3 Be6 14. Bc2 d5 15. exd5 cxd5 16. d4 exd4 17. Qxd4) ({RR} 9... d6 10. Nc4 Bc7 11. Bb3 h6 12. Ne3 O-O 13. Qf3 a5 14. a4 Be6 15. Bc2 d5 16. Nf5 Kh8 17. Ng3 Bg4 18. Qe3 Nh5 19. d4 exd4 20. Qxd4 Bb6 21. Qd3 dxe4 22. Qxe4 Nf6 23. Qc4 Qd5 24. Qxd5 {½-½ Azarya,J (2370)-Gedajlovic,M (2386) SixDays July GMB 2024 (2.3)}) 10. Bc2 $146 ({RR} 10. Nc4 Bc7 11. Ne3 d5 12. exd5 Nxd5 13. Nxd5 Qxd5 14. Bb3 Qd6 15. f4 O-O 16. fxe5 Qxe5 17. Bf4 Qe7 18. Bxc7 Qxc7 19. Qh5 Be6 20. Bxe6 fxe6 21. d4 Qb6 22. b3 Rxf1+ 23. Rxf1 Rf8 24. Rxf8+ Kxf8 {½-½ Veroci,Z (2340)-Misanovic,V (2260) YUG-chT 41st 1989 (1)}) ({RR} 10. Nc4 Bc7 11. f4 exf4 12. e5 b5 13. Bxf4 Nd5 14. Nd6+ Bxd6 15. exd6 bxa4 16. Qe2+ Kf8 17. Rae1 Kg8 18. Be5 Ba6 19. c4 Nb6 20. Bxg7 Kxg7 21. Qe5+ f6 22. Qg3+ Kf7 23. Re7+ Qxe7 24. dxe7 Kxe7 {1-0 Wang,J (2363)-Shen,Y (2458) CHN Masters (Women) 4th 2014 (3)}) 10... O-O 11. Nc4 Bc7 12. f4 exf4 13. e5 Nd5 14. Bxf4 Nxf4 15. Rxf4 d5 16. exd6 Bxd6 17. Nxd6 Qxd6 18. Qd2 Be6 19. d4 Rae8 20. b3 Re7 21. Raf1 Qd5 22. Qd3 f5 23. h4 g5 24. R4f2 Bd7 25. Qd1 Rf6 26. b4 Qf7 27. Bb3 Be6 28. c4 Bxc4 29. Bxc4 Qxc4 30. hxg5 hxg5 31. Rxf5 Rxf5 32. Rxf5 Qxa2 33. Rxg5+ Rg7 34. Rxg7+ Kxg7 35. Qg4+ Kf6 36. Qf4+ Kg6 37. Qd6+ Kg5 38. Qe7+ Kg4 39. Qg7+ Kf5 40. Kh2 Qd2 41. Qe5+ Kg4 42. Qe6+ Kg5 43. Qg8+ Kf5 44. Qh7+ Kg5 45. Qe7+ Kf5 46. Qe5+ Kg4 47. Qe6+ Kg5 48. Qe5+ 1/2-1/2

[Event "Olympiad Women 2024"]
[Site "Budapest HUN"]
[Date "2024.09.14"]
[Round "4.8"]
[Board "2"]
[White "Vo, Thi Kim Phung"]
[Black "Mkrtchyan, Mariam"]
[Result "1/2-1/2"]
[WhiteElo "2320"]
[BlackElo "2328"]
[PlyCount "200"]
[EventDate "2024.09.11"]
[WhiteTeam "Vietnam"]
[BlackTeam "Armenia"]
[WhiteTeamCountry "VIE"]
[BlackTeamCountry "ARM"]

1. d4 d5 2. Nf3 e6 3. c4 Nf6 4. Nc3 Bb4 5. Bg5 O-O 6. e3 c5 7. cxd5 exd5 8. dxc5 Nbd7 9. Be2 ({RR} 9. Rc1 Nxc5 10. Qd4 Bxc3+ 11. Qxc3 Nce4 12. Bxf6 Nxf6 13. Be2 Bg4 14. O-O Qb6 15. Nd4 Rac8 16. Qa3 Bxe2 17. Nxe2 Ne4 18. Nd4 g6 19. Rcd1 a6 20. Qb3 Qxb3 21. axb3 Rc7 22. f3 Nc5 23. Rd2 Rfc8 {1-0 Grischuk,A (2742)-Nakamura,H (2766) Chess.com Rapid Wk16 KO 2022 (1.2)}) ({RR} 9. Rc1 Qa5 10. Nd2 Qxc5 11. a3 Bxc3 12. Rxc3 Qe7 13. Be2 h6 14. Bh4 Ne5 15. O-O Bf5 16. Nb3 Rfd8 17. Nd4 Be6 18. Qc2 a6 19. Rc1 Ng6 20. Rc7 Rd7 21. Bxf6 Qxf6 22. Rxd7 Bxd7 23. Qb3 Rc8 {1-0 Sethuraman,S (2603)-Siddharth,S (1760) ch-Commonwealth 2023-24 2024 (1.1)}) 9... Bxc3+ $146 ({RR} 9... Qa5 10. O-O Bxc3 11. bxc3 Qxc5 12. Qd4 b6 13. Rab1 Ne4 14. Rfc1 Bb7 15. Bb5 Nxg5 16. Nxg5 Qe7 17. Nh3 Nf6 18. Nf4 Rfd8 19. Qb4 Qe5 20. Qd4 Qe7 21. Qb4 Qc7 22. Ba4 Rac8 23. Bb3 Ne4 24. Rc2 {0-1 Pimenov,R (2139)-Bets,A (2346) Kishinev ULIM op 2007 (2)}) ({RR} 9... Qa5 10. Bxf6 Nxf6 11. O-O Bxc3 12. bxc3 Ne4 13. c4 dxc4 14. Qd4 Nxc5 15. Bxc4 Be6 16. Rad1 Rad8 17. Qh4 Rxd1 18. Rxd1 h6 19. h3 b5 20. Bxe6 Nxe6 21. Rd2 Ng5 22. Qd4 Nxf3+ 23. gxf3 b4 24. Kh2 {0-1 Butuc,M (2182)-Sumets,A (2569) Guben op 15th 2012 (2)}) ({RR} 9... Qa5 10. O-O Bxc3 11. bxc3 Qxc5 12. Qd4 Ne4 13. Qxc5 Ndxc5 14. Be7 Re8 15. Bxc5 Nxc5 16. Rfd1 Ne4 17. Rac1 Be6 18. Nd4 Bd7 19. c4 dxc4 20. Rxc4 Rac8 21. Rxc8 Rxc8 22. Nb3 Be6 23. Bf3 Nc3 24. Rd2 {0-1 Rieke,T (2210)-Drasko,M (2330) Biel-16 Open 1983}) 10. bxc3 Nxc5 11. Bxf6 Qxf6 12. Qd4 Ne4 13. c4 Be6 14. Qxf6 Nxf6 15. Nd4 Rac8 16. cxd5 Nxd5 17. Bf3 Rc7 18. O-O Nc3 19. a4 a5 20. Ra3 Rfc8 21. h3 Bd7 22. Rfa1 b6 23. Kh2 g6 24. Bg4 h5 25. Bxd7 Rxd7 26. Rb3 Nd5 27. Rb5 Rd6 28. Rb2 Nb4 29. g4 Rd5 30. Kg2 Rc4 31. Kg3 hxg4 32. hxg4 Rdc5 33. Rd2 Rd5 34. Rb2 Rdc5 35. Rd1 Rc1 36. Rdd2 Rg1+ 37. Kf3 Rg5 38. Ne2 R1xg4 39. Rd6 Rc4 40. Nd4 Rgc5 41. Rxb6 Nd5 42. Rb8+ Kg7 43. R2b7 Rc7 44. Rxc7 Rxc7 45. Ra8 Rc4 46. Rxa5 Nc3 47. Ra7 Rxa4 48. Rd7 Ra6 49. Rc7 Rf6+ 50. Kg2 Ne4 51. f3 Ng5 52. Rc2 Rb6 53. f4 Ne6 54. Nf3 Kf6 55. Rc4 Rb2+ 56. Kg3 Ke7 57. Ne5 Rb7 58. Kf3 Rc7 59. Ra4 Nc5 60. Ra1 Nd7 61. Nd3 Rb7 62. Ra4 Kf6 63. Nf2 Ke7 64. Ra6 Nc5 65. Rc6 Ne6 66. Ng4 Rc7 67. Rb6 Ra7 68. Ne5 Rc7 69. Nc6+ Kf8 70. Ke4 Kg7 71. Ke5 Rd7 72. Nb4 Nc5 73. Nd5 Rb7 74. Rc6 Nd3+ 75. Kd4 Nb4 76. Rc4 Nxd5 77. Kxd5 Rd7+ 78. Ke4 Ra7 79. Kf3 Ra3 80. Rc6 Rb3 81. Rc5 Kf6 82. Re5 Ra3 83. Kg4 Kg7 84. Re8 Ra5 85. Rb8 Ra4 86. Rb3 Re4 87. Kf3 f5 88. Rb6 Kf7 89. Ke2 Re7 90. Rd6 Re6 91. Rd8 Re7 92. Kf3 Kg7 93. Rd3 Kf6 94. Kg3 Re4 95. Ra3 Re7 96. Kh4 Rh7+ 97. Kg3 Re7 98. Rb3 Re4 99. Rb6+ Re6 100. Rb3 Re4 1/2-1/2

[Event "Olympiad Women 2024"]
[Site "Budapest HUN"]
[Date "2024.09.14"]
[Round "4.8"]
[Board "3"]
[White "Danielian, Elina"]
[Black "Luong Phuong Hanh"]
[Result "1-0"]
[WhiteElo "2393"]
[BlackElo "2225"]
[PlyCount "71"]
[EventDate "2024.09.11"]
[WhiteTeam "Armenia"]
[BlackTeam "Vietnam"]
[WhiteTeamCountry "ARM"]
[BlackTeamCountry "VIE"]

1. Nf3 f5 2. g3 Nf6 3. Bg2 g6 4. d3 Bg7 5. O-O d6 6. c4 c6 7. Nc3 O-O 8. e4 ({RR} 8. Qc2 a5 9. Rb1 Na6 10. a3 Bd7 11. b4 axb4 12. axb4 Nc7 13. Bb2 Ne6 14. Qb3 Kh8 15. d4 Qe8 16. Rbe1 Nc7 17. e4 fxe4 18. Nxe4 Nxe4 19. Rxe4 d5 20. cxd5 cxd5 21. Re3 Ba4 22. Qc3 Rc8 {½-½ Hickl,J (2485)-Jussupow,A (2620) Munich 1988}) 8... Na6 ({RR} 8... e5 9. Re1 a5 10. exf5 gxf5 11. d4 e4 12. Nh4 Be6 13. d5 cxd5 14. cxd5 Bd7 15. Bf4 Ra6 16. a4 Ng4 17. h3 Ne5 18. Bxe5 Bxe5 19. Bf1 Rb6 20. Qd2 Na6 21. Ng2 Nc5 22. Rad1 Rb4 23. Nf4 {0-1 Astafurov,A (2263)-Rohith,K (2380) Titled Tue 4th Apr Early 2023 (3)}) 9. exf5 $146 ({RR} 9. a3 fxe4 10. dxe4 Nc5 11. Qe2 Bg4 12. h3 Bxf3 13. Bxf3 Nb3 14. Rb1 Nd4 15. Qd1 Nd7 16. Be2 Nc5 17. f3 Ncb3 18. Be3 Qd7 19. Kg2 Rf7 20. Qd3 Nc5 21. Qd2 Ncb3 22. Qd3 Nc5 23. Qd2 {½-½ Richardson,K (2220)-Bhend,E (2246) WchT Seniors 1st 2004 (4.3)}) ({RR} 9. e5 dxe5 10. Nxe5 Nd7 11. Nf3 e5 12. Re1 Qc7 13. Rb1 Qd6 14. Bf1 Nc7 15. d4 Re8 16. Nxe5 Nxe5 17. Bf4 Qxd4 18. Kg2 Qxd1 19. Rbxd1 g5 20. Bxg5 Nf7 21. Be3 Rd8 22. Rc1 Ne6 23. c5 Ne5 {0-1 Rojas Sola,N-Vazquez Gonzalez,F ESP-ch Almeria 1989 (4)}) ({RR} 9. Rb1 Nc5 10. e5 Ng4 11. d4 Ne4 12. h3 Nh6 13. Qb3 Qb6 14. Qc2 Nf7 15. Be3 Qc7 16. Nxe4 fxe4 17. exd6 exd6 18. Nd2 Re8 19. Nxe4 Qa5 20. g4 d5 21. b4 Qd8 22. cxd5 cxd5 23. Nc3 Be6 {½-½ Zucker,S (1761)-Wittur,H (1872) Daehne Cup Region I Hauptturnier 2010 (1)}) 9... Bxf5 10. Nh4 Bg4 11. f3 Bd7 12. d4 Qb6 13. Kh1 Nh5 14. Ne2 c5 15. Be3 cxd4 16. Nxd4 Qxb2 17. f4 Nc5 18. f5 Ba4 19. Qg4 Nf6 20. Qh3 g5 21. Ng6 hxg6 22. fxg6 g4 23. Qh4 e6 24. Rae1 Qc3 25. Nf5 exf5 26. Bd5+ Rf7 27. gxf7+ Kf8 28. Qg5 Bc2 29. Qf4 Nce4 30. Rc1 Nh5 31. Rxc2 Nxf4 32. Rxc3 Nxd5 33. Rb3 Nxe3 34. Rxe3 Rc8 35. Rxf5 Rxc4 36. Rf1 1-0

[Event "Olympiad Women 2024"]
[Site "Budapest HUN"]
[Date "2024.09.14"]
[Round "4.9"]
[Board "2"]
[White "Salimova, Nurgyul"]
[Black "Omonova, Umida"]
[Result "1/2-1/2"]
[WhiteElo "2412"]
[BlackElo "2032"]
[PlyCount "120"]
[EventDate "2024.09.11"]
[WhiteTeam "Bulgaria"]
[BlackTeam "Uzbekistan"]
[WhiteTeamCountry "BUL"]
[BlackTeamCountry "UZB"]

1. d4 d5 2. Nf3 Nf6 3. Bf4 c5 4. e3 Nc6 5. Nbd2 e6 6. c3 cxd4 7. exd4 Nh5 8. Be3 Bd6 9. Ne5 Nf6 10. Nd3 ({RR} 10. Ndf3 Qc7 11. Nd3 O-O 12. g3 b6 13. Bg2 Ba6 14. O-O Ne4 15. Re1 Rad8 16. Bf4 Bxd3 17. Bxd6 Nxd6 18. Qxd3 Qe7 19. a4 Rb8 20. Nd2 Qc7 21. h4 Rfe8 22. Qf3 a6 23. Bf1 b5 24. b4 a5 {½-½ Karjakin,S (2783)-Nakamura,H (2786) chess.com Speed 3m+2spm 2017 blitz (3.15)}) 10... O-O 11. Be2 Re8 12. Qc2 $146 ({RR} 12. f4 Bd7 13. Ne5 Qb6 14. Qb3 Ne7 15. O-O Bc6 16. Bd3 Nf5 17. Bf2 Rad8 18. Rae1 Bf8 19. g4 Nd6 20. Bh4 Be7 21. Bg3 Qa5 22. Nxc6 bxc6 23. Qc2 Nxg4 24. Bxh7+ Kh8 25. f5 Bg5 26. Nf3 Ne3 {1-0 Bhakti,K (2376)-Klaren,O (2003) 25th Hoogeveen Open 2022 (9.12)}) ({RR} 12. O-O e5 13. dxe5 Nxe5 14. Nxe5 Bxe5 15. Nf3 Bc7 16. Qb3 h6 17. Rfd1 a6 18. h3 Rb8 19. c4 Be6 20. Nd4 Qd6 21. Nf3 dxc4 22. Bxc4 Bxc4 23. Qxc4 Qe7 24. Rac1 Rbc8 25. Qb3 Bd6 26. Nd4 Qe5 {0-1 Tang,A (2502)-Nihal,S (2669) Bullet Chess Winners 2024 (2.26)}) 12... Qc7 13. f4 Ne7 14. Ne5 b6 15. Bf3 Bb7 16. Bf2 Nd7 17. O-O-O f6 18. Nd3 Bxf4 19. Nxf4 Qxf4 20. Rde1 e5 21. Be3 Qf5 22. Qd1 Qe6 23. dxe5 fxe5 24. Bg4 Qc6 25. Nf3 Ng6 26. h4 Nf6 27. Bf5 Bc8 28. Bc2 Bg4 29. Bg5 d4 30. h5 Nxh5 31. Be4 Qc5 32. Qb3+ Be6 33. Qc2 Ng3 34. Bxg6 hxg6 35. Rxe5 Qd6 36. Rhe1 d3 37. Qd2 Qd7 38. Nd4 Bc4 39. b3 Ba6 40. Bf4 Nh5 41. Bg5 Rxe5 42. Rxe5 Qg4 43. Nf3 Rf8 44. Be7 Re8 45. Qg5 Qf4+ 46. Qxf4 Nxf4 47. Bg5 Ne6 48. Nd4 Kf7 49. Nxe6 Rxe6 50. Rxe6 Kxe6 51. g3 Kf5 52. Bf4 Bb7 53. Kd2 Ke4 54. c4 a6 55. a4 b5 56. cxb5 axb5 57. axb5 Kd5 58. Be3 Bc8 59. Kxd3 Bd7 60. b6 Ke5 1/2-1/2

[Event "Olympiad Women 2024"]
[Site "Budapest HUN"]
[Date "2024.09.14"]
[Round "4.9"]
[Board "4"]
[White "Peycheva, Gergana"]
[Black "Nadirjanova, Nodira"]
[Result "1/2-1/2"]
[WhiteElo "2248"]
[BlackElo "2059"]
[PlyCount "130"]
[EventDate "2024.09.11"]
[WhiteTeam "Bulgaria"]
[BlackTeam "Uzbekistan"]
[WhiteTeamCountry "BUL"]
[BlackTeamCountry "UZB"]

1. d4 d5 2. c4 c6 3. Nc3 Nf6 4. e3 Bf5 5. f3 h5 ({RR} 5... h6 6. g4 Bh7 7. Bd3 Bxd3 8. Qxd3 e6 9. Nge2 Nbd7 10. cxd5 cxd5 11. Bd2 a6 12. h4 b5 13. Kf2 Bd6 14. g5 Nh5 15. e4 dxe4 16. Nxe4 Be7 17. a4 Ne5 18. Qb3 Nc4 19. Bb4 f5 20. Bxe7 {1-0 Carlsen,M (2830)-Firouzja,A (2763) CCT Final Playoff 2023 (7.3)}) 6. Bd3 Bxd3 7. Qxd3 Nbd7 $146 ({RR} 7... e6 8. Nge2 dxc4 9. Qxc4 Nbd7 10. e4 Rc8 11. a4 Qa5 12. Bd2 Be7 13. O-O O-O 14. Rab1 e5 15. b4 Qc7 16. Be3 Rfd8 17. Rfd1 exd4 18. Nxd4 Ne5 19. Qe2 Ng6 20. Nf5 Rxd1+ 21. Qxd1 Bf8 22. a5 {1-0 Maghsoodloo,P (2701)-Harikrishna,P (2720) Olympiad-44 Chennai 2022 (10.1)}) ({RR} 7... dxc4 8. Qxc4 b5 9. Qb3 e6 10. Nge2 Be7 11. e4 Nbd7 12. e5 Ng8 13. O-O Nh6 14. Bxh6 Rxh6 15. f4 g6 16. a4 a6 17. a5 Kf8 18. Ne4 Kg7 19. Qc3 Rc8 20. b4 h4 21. h3 Qf8 22. Nc5 {1-0 Maghsoodloo,P (2723)-Van Foreest,J (2696) FIDE World Rapid Team 2024 (6.8)}) ({RR} 7... e6 8. Nge2 Bd6 9. Bd2 Nbd7 10. cxd5 cxd5 11. O-O-O Qb6 12. e4 Bb4 13. Kb1 O-O-O 14. Bf4 Nb8 15. Bg5 dxe4 16. fxe4 Nc6 17. Rc1 Kb8 18. e5 Ng4 19. Bxd8 Rxd8 20. Qf3 Nxd4 21. Nxd4 Rxd4 22. Qxf7 {1-0 Galperin,P (2566)-Lagunow,R (2413) World Rapid Team 2023 (10.3)}) ({RR} 7... e6 8. Nge2 dxc4 9. Qxc4 a6 10. Bd2 b5 11. Qb3 Nbd7 12. e4 c5 13. Be3 Qc7 14. O-O c4 15. Qc2 e5 16. Rad1 Bd6 17. dxe5 Nxe5 18. Nf4 Bc5 19. Bxc5 Qxc5+ 20. Kh1 O-O 21. Ncd5 Nxd5 22. Rxd5 {0-1 Trost,E (2442)-Bharath,S (2482) Titled Tue 29th Aug Early 2023 (3)}) 8. cxd5 cxd5 9. e4 e6 10. Nge2 Nb6 11. O-O Be7 12. Bf4 O-O 13. Rac1 a6 14. Rc2 Qd7 15. Bg5 Rfc8 16. e5 Ne8 17. Bxe7 Qxe7 18. Rfc1 Rc7 19. Nf4 h4 20. g3 Rac8 21. Ng2 hxg3 22. hxg3 Nc4 23. Nf4 Qg5 24. Kf2 g6 25. Nd1 Qe7 26. b3 Na3 27. Rxc7 Rxc7 28. Rxc7 Nxc7 29. Ne3 Ncb5 30. Ng4 Qb4 31. Ne2 Kf8 32. Ne3 Na7 33. Nc2 Nxc2 34. Qxc2 Nc6 35. Ke3 Kg7 36. Qc1 a5 37. Qc3 Qa3 38. Nc1 Nb4 39. Qd2 a4 40. Ke2 Nc6 41. bxa4 Nxd4+ 42. Qxd4 Qxc1 43. g4 Qc2+ 44. Ke3 Qxa2 45. Qf4 Kg8 46. Kd3 Qb2 47. Qf6 Qb3+ 48. Ke2 Qc4+ 49. Kf2 Qc7 50. Ke3 Kf8 51. Kf2 Ke8 52. Kg2 Qe7 53. Qh8+ Qf8 54. Qh1 Qb4 55. Qh8+ Qf8 56. Qh1 g5 57. Qc1 Qb4 58. Qc8+ Ke7 59. Qc7+ Ke8 60. Qc8+ Ke7 61. Qc7+ Kf8 62. Qd8+ Kg7 63. Qxg5+ Kf8 64. Qd8+ Kg7 65. Qf6+ Kf8 1/2-1/2